00365cam a22001097a 4500008004000000082001800040100003800058245007600096260003800172300000900210650003600219180718b1975 xxu||||| |||| 00| 0 eng d aY403x5421 Ut8 aUttar Pradesh. Forests Department aThe Uttar Pradesh forest corporation act, 1975 (U.P. act no. 4 of 1975) aLucknowbForests Departmentc1975 a14p. aForests - India - Uttar Pradesh